Влияние холодной плазменной обработки поверхности медицинских полимерных материалов на их физико-химические и биологические свойства; Перспективы развития фундаментальных наук

Bibliographische Detailangaben
Parent link:Перспективы развития фундаментальных наук.— 2013.— [С. 965-967]
1. Verfasser: Чекунков И. В.
Körperschaft: Национальный исследовательский Томский политехнический университет (ТПУ) Физико-технический институт (ФТИ) Кафедра теоретической и экспериментальной физики (ТиЭФ)
Weitere Verfasser: Грубова И. Ю. Ирина Юрьевна (научный руководитель), Иванова А. А. Анна Александровна, Сурменев Р. А. Роман Анатольевич
Zusammenfassung:Заглавие с экрана
The physicochemical properties and surface structure of polymers are mainly responsible for the compatibility with biological systems. In this work, applications of gas discharge plasma-assisted treatment for modification of medical polymers are discussed. Plasma method is shown to be used for functionalization, surface patterning grafting and immobilization of biologically active species on medical polymers providing the possibility for regulation and improvement of their biocompatible properties.
Sprache:Russisch
Veröffentlicht: 2013
Schriftenreihe:Наноматериалы и нанотехнологии
Schlagworte:
Online-Zugang:http://www.lib.tpu.ru/fulltext/c/2013/C21/330.pdf
Format: MixedMaterials Elektronisch Buchkapitel
KOHA link:https://koha.lib.tpu.ru/cgi-bin/koha/opac-detail.pl?biblionumber=603995

MARC

LEADER 00000naa2a2200000 4500
001 603995
005 20260205125706.0
035 |a (RuTPU)RU\TPU\conf\1243 
035 |a RU\TPU\conf\1242 
090 |a 603995 
100 |a 20140213d2013 k y0rusy50 ca 
101 0 |a rus 
102 |a RU 
135 |a drcn ---uucaa 
181 0 |a i  
182 0 |a b 
200 1 |a Влияние холодной плазменной обработки поверхности медицинских полимерных материалов на их физико-химические и биологические свойства  |d The effect of the medical polymer surface treatment by cold plasma on the physicochemical and biological properties  |f И. В. Чекунков, И. Ю. Грубова, А. А. Иванова  |g науч. рук. Р. А. Сурменев 
203 |a Текст  |c электронный 
215 |a 1 файл(406 Кб) 
225 1 |a Наноматериалы и нанотехнологии 
300 |a Заглавие с экрана 
320 |a [Библиогр.: с. 967 (3 назв.)] 
330 |a The physicochemical properties and surface structure of polymers are mainly responsible for the compatibility with biological systems. In this work, applications of gas discharge plasma-assisted treatment for modification of medical polymers are discussed. Plasma method is shown to be used for functionalization, surface patterning grafting and immobilization of biologically active species on medical polymers providing the possibility for regulation and improvement of their biocompatible properties. 
337 |a Adobe Reader 
463 1 |0 (RuTPU)RU\TPU\conf\715  |t Перспективы развития фундаментальных наук  |l Prospects of fundamental sciences development  |o сборник научных трудов X Международной конференция студентов и молодых ученых, г. Томск, 23-26 апреля 2013 г.  |f Национальный исследовательский Томский политехнический университет (ТПУ) ; ред. коллегия Е. А. Вайтулевич ; Г. А. Лямина ; Г. А. Воронова ; М. Е. Семенов ; А. В. Устинов ; Н. С. Пушилина  |v [С. 965-967]  |d 2013 
510 1 |a The effect of the medical polymer surface treatment by cold plasma on the physicochemical and biological properties  |z eng 
610 1 |a электронный ресурс 
610 1 |a труды учёных ТПУ 
610 1 |a холодная обработка 
610 1 |a плазменная обработка 
610 1 |a медицинские материалы 
610 1 |a полимерные материалы 
610 1 |a физико-химические свойства 
610 1 |a биологические свойства 
700 1 |a Чекунков  |b И. В. 
701 1 |a Грубова  |b И. Ю.  |c физик  |c инженер-исследователь Томского политехнического университета  |f 1989-  |g Ирина Юрьевна  |3 (RuTPU)RU\TPU\pers\30457  |9 14782 
701 1 |a Иванова  |b А. А.  |c российский учёный в области теоретической и экспериментальной физики  |c инженер-исследователь Томского политехнического университета  |g Анна Александровна  |3 (RuTPU)RU\TPU\pers\28588 
702 1 |a Сурменев  |b Р. А.  |c физик  |c старший научный сотрудник Томского политехнического университета, доцент, кандидат физико-математических наук  |f 1982-  |g Роман Анатольевич  |4 727 
712 0 2 |a Национальный исследовательский Томский политехнический университет (ТПУ)  |b Физико-технический институт (ФТИ)  |b Кафедра теоретической и экспериментальной физики (ТиЭФ)  |3 (RuTPU)RU\TPU\col\18726 
801 1 |a RU  |b 63413507  |c 20101016 
801 2 |a RU  |b 63413507  |c 20230324  |g RCR 
856 4 |u http://www.lib.tpu.ru/fulltext/c/2013/C21/330.pdf 
942 |c CF